000 00365 a2200157 4500
001 151385
040 _cEscola São Tomás de Aquino
100 _aSILVA, Rita de Cássia S
240 1 0 _aA tribo descobre Cabral
_lpor
245 1 0 _aA tribo descobre Cabral
300 _a40
362 0 _a1999
440 1 _aFTD
697 _a*LITERATURA INFANTO
942 _cBK
999 _c151385
_d151385